Alternative policies for financing higher education /

Uloženo v:
Podrobná bibliografie
Hlavní autor: Boeninger Kausel, Edgardo
Médium: Text
Tagy: Přidat tag
Žádné tagy, Buďte první, kdo vytvoří štítek k tomuto záznamu!

MARC

LEADER 00000 a a2200000 04500
001 45647
003
040 |a CRAI/IIS  |c CRAI/IIS 
100 |a Boeninger Kausel, Edgardo  
245 |a Alternative policies for financing higher education /  |c Edgardo Boeninger Kausel  
773 |g páginas 321-357: tablas  
999 |c 18338  |d 18338